Normal view
MARC view
Entry Personal Name
001 - CONTROL NUMBER
- control field: 16108
003 - CONTROL NUMBER IDENTIFIER
- control field: BD-RjUL
005 - DATE AND TIME OF LATEST TRANSACTION
- control field: 20250720165317.0
008 - FIXED-LENGTH DATA ELEMENTS
- fixed length control field: 250720|| aca||aabn | a|a d
040 ## - CATALOGING SOURCE
- Original cataloging agency: BD-RjUL
- Transcribing agency: BD-RjUL
100 ## - HEADING--PERSONAL NAME
- Personal name: Sarmin, Mst. Shakila
670 ## - SOURCE DATA FOUND
- Source citation: Work cat.: (BD-RjUL)85248: Sarmin, Mst. Shakila, Stock assessment of megalaspis cordyla from the bay of Bengal in Bangladesh /, 2023